[Event "VI Festival A"]
[Site "Nichelino ITA"]
[Date "2005.10.07"]
[Round "2"]
[White "Martin, Tiziano"]
[Black "Sorcinelli, Francesco"]
[Result "0-1"]
[WhiteElo "2002"]
[BlackElo "2071"]
[PlyCount "78"]
[EventDate "2005.10.06"]

1. e4 c5 2. c3 Nf6 3. d3 g6 4. Qc2 Nc6 5. Be2 Bg7 6. f4 O-O 7. Nf3 d6 8. O-O
Bg4 9. h3 Bxf3 10. Bxf3 Rc8 11. g4 Nd7 12. Qg2 Qc7 13. Na3 a6 14. Nc4 b5 15.
Ne3 b4 16. Bd2 bxc3 17. bxc3 Nb6 18. a4 Na5 19. Ra3 c4 20. d4 e5 21. fxe5 dxe5
22. d5 Nb3 23. Ra2 Nxd2 24. Rxd2 Nxa4 25. Kh1 Qc5 26. Nd1 Rb8 27. Ra2 Qb5 28.
Rg1 Qb3 29. Ne3 Nxc3 30. Rc2 Nb5 31. Nf5 Nd4 32. Rf2 c3 33. Qg3 Nxf5 34. gxf5
c2 35. Qg2 Rfc8 36. Rc1 Bh6 37. fxg6 hxg6 38. Bg4 Bxc1 39. Be6 Bg5 0-1

[Event "VI Festival A"]
[Site "Nichelino ITA"]
[Date "2005.10.07"]
[Round "2"]
[White "Matta, Francesca"]
[Black "Barbiso, Tiziana"]
[Result "1-0"]
[WhiteElo "1840"]
[BlackElo "1931"]
[PlyCount "73"]
[EventDate "2005.10.06"]

1. d4 d5 2. Nf3 Nf6 3. Bf4 Bf5 4. e3 h6 5. h3 e6 6. Bd3 Bxd3 7. Qxd3 c6 8. Nbd2
Bd6 9. Bxd6 Qxd6 10. O-O Nbd7 11. e4 Nxe4 12. Nxe4 dxe4 13. Qxe4 Qd5 14. Qxd5
cxd5 15. Nd2 O-O 16. f4 Rfc8 17. c3 b5 18. f5 exf5 19. Rxf5 Nf6 20. Re1 a5 21.
Nb3 b4 22. Nc5 Ra7 23. Rfe5 Rb8 24. Re7 Rxe7 25. Rxe7 bxc3 26. bxc3 Rb2 27. a4
Rc2 28. Ra7 Rxc3 29. Rxa5 Rc4 30. Rb5 Rxd4 31. a5 Ne4 32. Nb3 Rd1+ 33. Kh2 Nd6
34. Rb8+ Kh7 35. a6 Rd3 36. a7 Rxb3 37. Rxb3 1-0

[Event "VI Festival A"]
[Site "Nichelino ITA"]
[Date "2005.10.07"]
[Round "2"]
[White "Molina, Fabrizio"]
[Black "Fortino, Fabrizio"]
[Result "0-1"]
[WhiteElo "2275"]
[BlackElo "1995"]
[PlyCount "62"]
[EventDate "2005.10.06"]

1. c4 Nf6 2. g3 g6 3. Bg2 Bg7 4. Nc3 e5 5. e4 O-O 6. Nge2 d6 7. O-O c6 8. b3
Na6 9. d4 exd4 10. Nxd4 Re8 11. Bb2 Nc5 12. Re1 a5 13. Qd2 Nfd7 14. f4 Qb6 15.
Kh1 a4 16. Rad1 axb3 17. a3 Qa6 18. Bf1 Nb6 19. f5 Nxc4 20. Qg5 b5 21. Bxc4
bxc4 22. Nxc6 Qxc6 23. Nd5 Bxb2 24. f6 Ne6 25. Qh6 Be5 26. Rf1 Bb7 27. g4 c3
28. Rf3 c2 29. Rg1 Bf4 30. g5 Qxd5 31. Rxf4 Qxe4+ 0-1

[Event "VI Festival A"]
[Site "Nichelino ITA"]
[Date "2005.10.07"]
[Round "2"]
[White "Palmisano, Giuseppe"]
[Black "Quagliana, Giuseppe"]
[Result "1/2-1/2"]
[WhiteElo "1754"]
[BlackElo "2101"]
[PlyCount "60"]
[EventDate "2005.10.06"]

1. d4 e6 2. c4 f5 3. Nc3 Nf6 4. g3 c6 5. Bg2 d5 6. cxd5 exd5 7. Bg5 Be7 8. Bxf6
Bxf6 9. e3 O-O 10. Nge2 b6 11. Nf4 Qd6 12. Nfxd5 Kh8 13. Nxf6 Rxf6 14. O-O Ba6
15. Re1 Nd7 16. d5 Bb7 17. dxc6 Bxc6 18. Qxd6 Rxd6 19. Rad1 Rxd1 20. Rxd1 Bxg2
21. Kxg2 Nf6 22. Rd4 g6 23. Nd5 Nxd5 24. Rxd5 Rc8 25. b3 Rc7 26. h4 Kg7 27. Kf3
Kf6 28. Rd2 Re7 29. Kf4 Re4+ 30. Kf3 Re7 1/2-1/2

[Event "VI Festival A"]
[Site "Nichelino ITA"]
[Date "2005.10.07"]
[Round "2"]
[White "Torrione, William"]
[Black "Ferretti, Rolando"]
[Result "1-0"]
[WhiteElo "1883"]
[BlackElo "1694"]
[PlyCount "41"]
[EventDate "2005.10.06"]

1. d4 d5 2. c4 Nf6 3. cxd5 Nxd5 4. e4 Nf6 5. Nc3 e6 6. Nf3 c5 7. Bb5+ Bd7 8.
Qa4 Nc6 9. Bg5 Be7 10. dxc5 h6 11. Bxf6 Bxf6 12. e5 Nxe5 13. Nxe5 Bxe5 14. Rd1
O-O 15. Rxd7 Qg5 16. O-O a6 17. Be2 Rfd8 18. Ne4 Qh4 19. g3 Qh3 20. Rxd8+ Rxd8
21. Bg4 1-0

[Event "VI Festival A"]
[Site "Nichelino ITA"]
[Date "2005.10.08"]
[Round "3"]
[White "Barosso, Renzo"]
[Black "Parodi, Alessandro"]
[Result "1-0"]
[WhiteElo "1831"]
[BlackElo "1910"]
[PlyCount "75"]
[EventDate "2005.10.06"]

1. d4 Nf6 2. c4 g6 3. Nc3 Bg7 4. e4 d6 5. f3 O-O 6. Be3 c5 7. dxc5 dxc5 8. Qxd8
Rxd8 9. Bxc5 Nc6 10. Nd5 Nd7 11. Nxe7+ Nxe7 12. Bxe7 Bxb2 13. Bxd8 Bxa1 14. Kd2
Ne5 15. Kc2 Be6 16. Bf6 Rc8 17. f4 Ng4 18. Bxa1 Nf2 19. Bd4 Nxh1 20. Kc3 b5 21.
c5 Bxa2 22. Bxb5 Rb8 23. Bc4 Bxc4 24. Kxc4 Kf8 25. c6 Ke7 26. Kd5 Rd8+ 27. Kc5
Rxd4 28. Kxd4 Nf2 29. e5 Kd8 30. Nf3 h6 31. Kd5 Nd3 32. g3 Kc7 33. Nd4 a5 34.
Nb5+ Kc8 35. Kd6 Nb4 36. c7 a4 37. Na7+ Kb7 38. c8=Q+ 1-0

[Event "VI Festival A"]
[Site "Nichelino ITA"]
[Date "2005.10.08"]
[Round "3"]
[White "Ferrario, Enrico"]
[Black "Gussone, Claudio"]
[Result "1-0"]
[WhiteElo "1948"]
[BlackElo "1885"]
[PlyCount "51"]
[EventDate "2005.10.06"]

1. e4 d6 2. d4 Nf6 3. Nc3 e5 4. dxe5 dxe5 5. Qxd8+ Kxd8 6. Bg5 Be6 7. O-O-O+
Bd6 8. f4 Nc6 9. Bb5 Kc8 10. Bxc6 bxc6 11. Nf3 Ng4 12. f5 Bc4 13. Rhe1 f6 14.
h3 fxg5 15. hxg4 h6 16. Rh1 Kb7 17. b3 Ba6 18. Na4 Rad8 19. c4 c5 20. Rd5 c6
21. Nxc5+ Ka8 22. Rxd6 Rxd6 23. Nxa6 Rhd8 24. Nc7+ Kb8 25. Ne6 Rg8 26. Nxe5 1-0

[Event "VI Festival A"]
[Site "Nichelino ITA"]
[Date "2005.10.08"]
[Round "3"]
[White "Finocchiaro, Gianluca"]
[Black "Ferrero, Oscar"]
[Result "1/2-1/2"]
[WhiteElo "1834"]
[BlackElo "1744"]
[PlyCount "33"]
[EventDate "2005.10.06"]

1. e4 g6 2. d4 c6 3. Nc3 d5 4. e5 h5 5. Bd3 Nh6 6. Nge2 Bf5 7. Bxh6 Bxh6 8.
Bxf5 gxf5 9. Ng3 e6 10. Nxh5 Qg5 11. Nf6+ Ke7 12. g3 Bg7 13. Qd2 Qxd2+ 14. Kxd2
Bxf6 15. exf6+ Kxf6 16. h3 Nd7 17. Rag1 1/2-1/2

[Event "VI Festival A"]
[Site "Nichelino ITA"]
[Date "2005.10.08"]
[Round "3"]
[White "Fortino, Fabrizio"]
[Black "Matta, Francesca"]
[Result "1-0"]
[WhiteElo "1995"]
[BlackElo "1840"]
[PlyCount "63"]
[EventDate "2005.10.06"]

1. e4 e5 2. d4 exd4 3. Qxd4 Nc6 4. Qe3 Bb4+ 5. Nc3 d6 6. Bd2 Be6 7. O-O-O Nf6
8. a3 Bc5 9. Qe1 Ng4 10. Nh3 a6 11. f4 O-O 12. f5 Bd7 13. Qg3 Nce5 14. Be2 h5
15. Rdf1 b5 16. Nd5 c6 17. Ne3 Bxe3 18. Bxe3 Nxe3 19. Qxe3 g6 20. f6 Kh7 21.
Ng5+ Kg8 22. Bxh5 gxh5 23. Nh7 Kxh7 24. Qg5 Ng6 25. Qxh5+ Kg8 26. Qh6 Qxf6 27.
Rxf6 d5 28. h4 Rfe8 29. Rhf1 Ne5 30. Qg5+ Kf8 31. Rh6 Ng6 32. Rxg6 1-0

[Event "VI Festival A"]
[Site "Nichelino ITA"]
[Date "2005.10.08"]
[Round "3"]
[White "Marguati, Massimiano"]
[Black "Torrione, William"]
[Result "0-1"]
[WhiteElo "1816"]
[BlackElo "1883"]
[PlyCount "108"]
[EventDate "2005.10.06"]

1. d4 Nf6 2. c4 e6 3. Nc3 Bb4 4. Qc2 c5 5. dxc5 Bxc5 6. Nf3 d5 7. e3 O-O 8.
cxd5 Nxd5 9. Nxd5 Qxd5 10. a3 a5 11. Bd3 h6 12. e4 Qd6 13. e5 Qe7 14. Bf4 b6
15. O-O Ba6 16. Be4 Bxf1 17. Bxa8 Ba6 18. Be4 Bb7 19. Nd2 Bxe4 20. Nxe4 Rd8 21.
Rd1 Rxd1+ 22. Qxd1 Nd7 23. Qg4 f5 24. exf6 Nxf6 25. Qg6 Nxe4 26. Qxe4 Qf6 27.
Qe5 Bd4 28. Qxf6 gxf6 29. b3 h5 30. Bc7 e5 31. Kf1 Kf7 32. Ke2 e4 33. Bf4 Ke6
34. Be3 Kd5 35. g3 b5 36. a4 bxa4 37. bxa4 Kc4 38. Kd2 Bxe3+ 39. Kxe3 Kb4 40.
Kxe4 Kxa4 41. Kf5 Kb4 42. Kxf6 a4 43. Kg5 a3 44. Kxh5 a2 45. f4 a1=Q 46. h4 Qf6
47. Kg4 Qg6+ 48. Kf3 Qh5+ 49. g4 Qxh4 50. g5 Qh3+ 51. Ke4 Qe6+ 52. Kf3 Qf5 53.
Kg3 Kc4 54. Kf3 Kd4 0-1

[Event "VI Festival A"]
[Site "Nichelino ITA"]
[Date "2005.10.08"]
[Round "3"]
[White "Palmisano, Giuseppe"]
[Black "D'Amato, Piergiorgio"]
[Result "1-0"]
[WhiteElo "1754"]
[BlackElo "1831"]
[PlyCount "43"]
[EventDate "2005.10.06"]

1. d4 Nf6 2. c4 g6 3. Nc3 d5 4. Bf4 Bg7 5. e3 O-O 6. Rc1 dxc4 7. Bxc4 c6 8. Qb3
Nbd7 9. Nf3 Nb6 10. Ne5 Nxc4 11. Qxc4 Nh5 12. Bg3 Nxg3 13. hxg3 Be6 14. Qa4 Qc7
15. Nd3 Rfd8 16. Nf4 Bf5 17. Qb4 e5 18. Ncd5 Bf8 19. Qxf8+ Rxf8 20. Nxc7 Rac8
21. dxe5 Rxc7 22. Nd5 1-0

[Event "VI Festival A"]
[Site "Nichelino ITA"]
[Date "2005.10.08"]
[Round "3"]
[White "Quagliana, Giuseppe"]
[Black "Cova, Alessandro"]
[Result "0-1"]
[WhiteElo "2101"]
[BlackElo "1958"]
[PlyCount "90"]
[EventDate "2005.10.06"]

1. d4 Nf6 2. c4 e6 3. Nc3 Bb4 4. Qc2 O-O 5. a3 Bxc3+ 6. Qxc3 Ne4 7. Qc2 f5 8.
Nf3 d6 9. g3 Nd7 10. Bg2 Ndf6 11. O-O b6 12. Ng5 d5 13. Nxe4 dxe4 14. Rd1 Bb7
15. Bf4 Qe7 16. b4 c6 17. f3 Rfd8 18. fxe4 Nxe4 19. Bxe4 fxe4 20. Qxe4 c5 21.
d5 cxb4 22. d6 Bxe4 23. dxe7 Rxd1+ 24. Rxd1 Re8 25. Bd6 b3 26. Rd2 Bc2 27. Be5
Rxe7 28. e3 Rc7 29. Kf2 Rc5 30. Bb2 e5 31. Rd8+ Kf7 32. Rd7+ Ke6 33. Rxa7 Rxc4
34. Rb7 Rc6 35. Ke1 Be4 36. a4 Bd5 37. Ba3 Kf5 38. Rxg7 Ke4 39. Rg4+ Kxe3 40.
Rg5 Rc2 41. Rxe5+ Kd4 42. Re7 b2 43. Bxb2+ Rxb2 44. Rxh7 Ke3 45. Re7+ Be4 0-1

[Event "VI Festival A"]
[Site "Nichelino ITA"]
[Date "2005.10.08"]
[Round "3"]
[White "Ranola, Yves"]
[Black "Malano, Francesco"]
[Result "1-0"]
[WhiteElo "2455"]
[BlackElo "2037"]
[PlyCount "45"]
[EventDate "2005.10.06"]

1. c4 Nf6 2. g3 e5 3. Bg2 Nc6 4. Nc3 Bc5 5. a3 d6 6. e3 a5 7. Nge2 O-O 8. h3
Re8 9. O-O Bd7 10. f4 Qc8 11. g4 h5 12. g5 Nh7 13. Kh2 Ne7 14. fxe5 dxe5 15.
Ne4 Ba7 16. N2c3 g6 17. d3 Bb8 18. Nf6+ Nxf6 19. gxf6 Nc6 20. Rg1 Ra7 21. Bd5
Kh8 22. Bxf7 Bf5 23. Rxg6 1-0

[Event "VI Festival A"]
[Site "Nichelino ITA"]
[Date "2005.10.08"]
[Round "3"]
[White "Sorcinelli, Francesco"]
[Black "Catana, Costel"]
[Result "1-0"]
[WhiteElo "2071"]
[BlackElo "2095"]
[PlyCount "75"]
[EventDate "2005.10.06"]

1. e4 c5 2. Nf3 d6 3. d4 cxd4 4. Nxd4 Nf6 5. Nc3 e5 6. Bb5+ Bd7 7. Bxd7+ Qxd7
8. Nb3 Be7 9. Bg5 Qg4 10. Qxg4 Nxg4 11. Bd2 Nc6 12. f3 Nf6 13. O-O-O Rc8 14.
Bg5 Nd5 15. Rxd5 Bxg5+ 16. Kb1 Ke7 17. Rhd1 Nd4 18. Nxd4 exd4 19. R5xd4 Rhd8
20. Nd5+ Ke6 21. f4 Bh6 22. g4 g6 23. c4 Bg7 24. f5+ Kd7 25. f6 Bh6 26. h4 Ke6
27. g5 Bf8 28. b4 h6 29. Kb2 hxg5 30. hxg5 Ke5 31. a4 Re8 32. Kc3 Rc6 33. Kd3
a6 34. Rh1 Rcc8 35. a5 Rc6 36. Rh7 Ke6 37. Nf4+ Ke5 38. Ke3 1-0

[Event "VI Festival A"]
[Site "Nichelino ITA"]
[Date "2005.10.08"]
[Round "4"]
[White "Angioni, Gian Carlo"]
[Black "Forno, Roberto"]
[Result "0-1"]
[WhiteElo "1832"]
[BlackElo "2026"]
[PlyCount "72"]
[EventDate "2005.10.06"]

1. e4 e5 2. Nf3 Nc6 3. Bb5 a6 4. Ba4 Nf6 5. Qe2 b5 6. Bb3 Bc5 7. O-O O-O 8. c3
Bb6 9. d3 h6 10. Be3 Bxe3 11. Qxe3 d5 12. Qc5 dxe4 13. dxe4 Na5 14. Bc2 Nd7 15.
Qe3 Nc4 16. Qc1 Bb7 17. b3 Nd6 18. Nbd2 Qf6 19. Re1 Rfd8 20. Nf1 Nc5 21. Ng3
Ne6 22. h3 Nf4 23. Nh2 c5 24. Ng4 Qg5 25. Ne3 h5 26. Kh2 h4 27. Ne2 Nxe4 28.
Bxe4 Bxe4 29. Nxf4 exf4 30. Ng4 f5 31. f3 fxg4 32. fxe4 gxh3 33. Rg1 Qg3+ 34.
Kh1 f3 35. gxf3 Qxf3+ 36. Kh2 Qf2+ 0-1

[Event "VI Festival A"]
[Site "Nichelino ITA"]
[Date "2005.10.08"]
[Round "4"]
[White "Barosso, Renzo"]
[Black "Sorcinelli, Francesco"]
[Result "0-1"]
[WhiteElo "1831"]
[BlackElo "2071"]
[PlyCount "94"]
[EventDate "2005.10.06"]

1. d4 Nf6 2. c4 c5 3. e3 g6 4. Nc3 Bg7 5. Nf3 O-O 6. Be2 cxd4 7. exd4 d5 8. O-O
Nc6 9. Nxd5 Nxd5 10. cxd5 Qxd5 11. Be3 Rd8 12. Qa4 Nxd4 13. Rfd1 Nxe2+ 14. Kf1
Bd7 15. Rxd5 Bxa4 16. Rxd8+ Rxd8 17. Kxe2 Bb5+ 18. Ke1 Bxb2 19. Rb1 Bc3+ 20.
Bd2 Bxd2+ 21. Nxd2 Bc6 22. f3 Rd4 23. Ke2 Ra4 24. Rb2 Bd5 25. Nb3 b6 26. Kd3 e5
27. Kc3 Kf8 28. Rd2 Be6 29. Nc1 Ke7 30. Nd3 Rc4+ 31. Kb2 Rd4 32. Kc3 f6 33. Rb2
Kd6 34. Nb4 a5 35. Nc2 Rc4+ 36. Kd3 Kc5 37. g4 b5 38. a3 b4 39. axb4+ axb4 40.
Rb1 Bd5 41. Ne1 Rc3+ 42. Ke2 b3 43. Rb2 Kb4 44. Rd2 Bc4+ 45. Kf2 Rc1 46. Rd7 b2
47. Rb7+ Kc3 0-1

[Event "VI Festival A"]
[Site "Nichelino ITA"]
[Date "2005.10.08"]
[Round "4"]
[White "Cova, Alessandro"]
[Black "Villalba, Fernando"]
[Result "0-1"]
[WhiteElo "1958"]
[BlackElo "1881"]
[PlyCount "70"]
[EventDate "2005.10.06"]

1. d4 Nf6 2. c4 e6 3. Nc3 d5 4. Nf3 dxc4 5. e3 Bd6 6. Bxc4 O-O 7. O-O a6 8. a4
Nc6 9. e4 Be7 10. Bg5 h6 11. Bxf6 Bxf6 12. e5 Be7 13. Ne4 Nb4 14. Ng3 Bd7 15.
Qe2 Bc6 16. Rfd1 Nd5 17. Nh5 g6 18. Bxd5 Bxd5 19. Nf4 c6 20. Qd3 Qe8 21. Qe3
Kg7 22. Nd2 Rc8 23. Ne4 b5 24. axb5 axb5 25. Ra7 Ra8 26. Rda1 Rxa7 27. Rxa7 Qd8
28. Rxe7 Qxe7 29. Nf6 Rh8 30. h4 Qb4 31. Nd3 Qb3 32. Qf4 Qxd3 33. Nh5+ gxh5 34.
Qf6+ Kg8 35. Qd8+ Kh7 0-1

[Event "VI Festival A"]
[Site "Nichelino ITA"]
[Date "2005.10.08"]
[Round "4"]
[White "Malano, Francesco"]
[Black "Palmisano, Giuseppe"]
[Result "0-1"]
[WhiteElo "2037"]
[BlackElo "1754"]
[PlyCount "78"]
[EventDate "2005.10.06"]

1. f4 d5 2. Nf3 Nd7 3. b3 Ngf6 4. Bb2 e6 5. e3 Be7 6. Be2 c5 7. O-O O-O 8. Qe1
a6 9. a4 Ne4 10. d3 Nd6 11. g4 Re8 12. Nbd2 Bf6 13. Bxf6 Nxf6 14. Ne5 Nd7 15.
Qf2 f6 16. Nxd7 Bxd7 17. e4 Rc8 18. Rae1 d4 19. e5 Nf7 20. Ne4 fxe5 21. fxe5
Qe7 22. Qg3 Bc6 23. Rxf7 Qxf7 24. Nd6 Qe7 25. Nxc8 Rxc8 26. Rf1 Rf8 27. Rxf8+
Kxf8 28. Bf3 Qg5 29. Kg2 Qd2+ 30. Qf2 Qxf2+ 31. Kxf2 Bxf3 32. Kxf3 g5 33. a5
Ke7 34. b4 Kd7 35. Ke4 Kc6 36. bxc5 Kxc5 37. c4 dxc3 38. d4+ Kc4 39. d5 c2 0-1

[Event "VI Festival A"]
[Site "Nichelino ITA"]
[Date "2005.10.08"]
[Round "4"]
[White "Parodi, Alessandro"]
[Black "Ferrario, Enrico"]
[Result "0-1"]
[WhiteElo "1910"]
[BlackElo "1948"]
[PlyCount "74"]
[EventDate "2005.10.06"]

1. d4 Nc6 2. c4 Nf6 3. Nc3 d6 4. d5 Ne5 5. e4 c6 6. f4 Ng6 7. Be2 h5 8. Nf3 Qb6
9. Qd4 h4 10. Qxb6 axb6 11. O-O h3 12. g3 Bg4 13. f5 Bxf3 14. fxg6 Bxe2 15.
gxf7+ Kxf7 16. Nxe2 Ke8 17. Nc3 g6 18. Be3 c5 19. b4 Bg7 20. Rab1 Ng4 21. Bd2
Bd4+ 22. Kh1 Nf2+ 23. Rxf2 Bxf2 24. Bf4 cxb4 25. Rxb4 Be1 26. Rb3 Bxc3 27. Rxc3
Rxa2 28. Rc1 Kd7 29. e5 Rha8 30. exd6 exd6 31. g4 Ra1 32. Rg1 Rxg1+ 33. Kxg1
Ra4 34. Kf2 Rxc4 35. Kg3 b5 36. Kxh3 Rxf4 37. Kg3 Rf8 0-1

[Event "VI Festival A"]
[Site "Nichelino ITA"]
[Date "2005.10.08"]
[Round "4"]
[White "Ranola, Yves"]
[Black "Fortino, Fabrizio"]
[Result "1-0"]
[WhiteElo "2455"]
[BlackElo "1995"]
[PlyCount "55"]
[EventDate "2005.10.06"]

1. c4 Nf6 2. g3 g6 3. Bg2 Bg7 4. Nc3 e5 5. e4 O-O 6. Nge2 d6 7. O-O c6 8. d3 a5
9. h3 Na6 10. f4 Nc7 11. Be3 Qe7 12. Qd2 Rd8 13. d4 exd4 14. Nxd4 d5 15. cxd5
cxd5 16. Rad1 Qe8 17. e5 Nd7 18. Qf2 Nf8 19. Nde2 Ra6 20. Bb6 Nfe6 21. Nxd5
Nxd5 22. Bxd5 Rd7 23. Nc3 Bf8 24. Ne4 Be7 25. Bc4 Rxd1 26. Rxd1 Ra8 27. g4 Bd7
28. f5 1-0

[Event "VI Festival A"]
[Site "Nichelino ITA"]
[Date "2005.10.08"]
[Round "4"]
[White "Torrione, William"]
[Black "Catana, Costel"]
[Result "1/2-1/2"]
[WhiteElo "1883"]
[BlackElo "2095"]
[PlyCount "99"]
[EventDate "2005.10.06"]

1. d4 d5 2. c4 e6 3. Nc3 Nf6 4. Bg5 Be7 5. e3 O-O 6. Nf3 Nbd7 7. Bd3 dxc4 8.
Bxc4 b6 9. O-O Bb7 10. a3 c5 11. dxc5 bxc5 12. Bb5 Nd5 13. Bxe7 Qxe7 14. Bxd7
Nxc3 15. bxc3 Rfd8 16. Qe2 Rxd7 17. Rfd1 Rad8 18. Rxd7 Qxd7 19. Ne1 Qa4 20. Qc2
Qg4 21. h3 Qh5 22. f3 Qe5 23. Kf2 g6 24. e4 h5 25. Nd3 Qg5 26. Rd1 c4 27. Nb2
Rxd1 28. Qxd1 Qc5+ 29. Qd4 Qxd4+ 30. cxd4 c3 31. Nd3 Ba6 32. Ke3 h4 33. d5 c2
34. Nc1 exd5 35. exd5 Kf8 36. Kf4 f6 37. Kg4 g5 38. Kf5 Kf7 39. f4 Bf1 40. fxg5
Bxg2 41. gxf6 Bxh3+ 42. Kg5 Bg2 43. Kxh4 Kxf6 44. Kg3 Bxd5 45. Kf4 Ke6 46. Ke3
Kf5 47. Kd2 Be4 48. Na2 a5 49. Nc3 Bd3 50. Ne2 1/2-1/2

[Event "VI Festival A"]
[Site "Nichelino ITA"]
[Date "2005.10.09"]
[Round "5"]
[White "Barbiso, Tiziana"]
[Black "Di Chiara, Mauro"]
[Result "1-0"]
[WhiteElo "1931"]
[BlackElo "1748"]
[PlyCount "51"]
[EventDate "2005.10.06"]

1. e4 d6 2. d4 Nf6 3. f3 c6 4. Be3 Qb6 5. b3 e5 6. Qd2 Qc7 7. c4 Be7 8. Nc3 a5
9. Nge2 Nbd7 10. Rc1 exd4 11. Nxd4 Ne5 12. Be2 O-O 13. O-O Ng6 14. Rcd1 Rd8 15.
Na4 d5 16. cxd5 b5 17. Nc3 b4 18. Na4 cxd5 19. Rc1 Qb7 20. Nc6 Rd6 21. Qc2 dxe4
22. Nb6 exf3 23. Bxf3 Qa6 24. Nxa8 Bb7 25. Nc7 Rxc6 26. Bxc6 1-0

[Event "VI Festival A"]
[Site "Nichelino ITA"]
[Date "2005.10.09"]
[Round "5"]
[White "Catana, Costel"]
[Black "Ferrario, Enrico"]
[Result "1-0"]
[WhiteElo "2095"]
[BlackElo "1948"]
[PlyCount "51"]
[EventDate "2005.10.06"]

1. e4 Nc6 2. d4 d5 3. exd5 Qxd5 4. Nf3 Bg4 5. Be2 O-O-O 6. Be3 e5 7. c4 Qa5+ 8.
Bd2 Bb4 9. d5 Bxf3 10. Bxf3 Nd4 11. O-O Nxf3+ 12. gxf3 Bxd2 13. Qxd2 Qxd2 14.
Nxd2 c6 15. Rac1 Kb8 16. Rfe1 f6 17. f4 exf4 18. Nb3 Nh6 19. dxc6 bxc6 20. Na5
Kc7 21. Re6 Rd6 22. Re7+ Kb8 23. c5 Rd2 24. Nxc6+ Kc8 25. Nxa7+ Kb8 26. c6 1-0

[Event "VI Festival A"]
[Site "Nichelino ITA"]
[Date "2005.10.09"]
[Round "5"]
[White "Finocchiaro, Gianluca"]
[Black "Angioni, Gian Carlo"]
[Result "1/2-1/2"]
[WhiteElo "1834"]
[BlackElo "1832"]
[PlyCount "33"]
[EventDate "2005.10.06"]

1. e4 e6 2. d4 d5 3. exd5 exd5 4. c4 c6 5. Nc3 Nf6 6. Nf3 Bf5 7. Bg5 Be7 8.
Bxf6 Bxf6 9. cxd5 cxd5 10. Qb3 O-O 11. Be2 Nc6 12. Qxd5 Qxd5 13. Nxd5 Bxd4 14.
Nxd4 Nxd4 15. Ne7+ Kh8 16. Nxf5 Nxf5 17. O-O 1/2-1/2

[Event "VI Festival A"]
[Site "Nichelino ITA"]
[Date "2005.10.09"]
[Round "5"]
[White "Forno, Roberto"]
[Black "Matta, Francesca"]
[Result "1-0"]
[WhiteElo "2026"]
[BlackElo "1840"]
[PlyCount "57"]
[EventDate "2005.10.06"]

1. e4 e5 2. Nf3 Nc6 3. Bb5 a6 4. Ba4 Nf6 5. O-O b5 6. Bb3 Bb7 7. Re1 Bc5 8. c3
d6 9. d4 Bb6 10. Bg5 O-O 11. a4 Qe7 12. Qd3 Na5 13. Bc2 Nc4 14. b3 Na5 15. Nbd2
bxa4 16. bxa4 Bc6 17. Nf1 Rfe8 18. Ng3 Bd7 19. Nh4 g6 20. Rab1 Reb8 21. Nhf5
Bxf5 22. exf5 Nc6 23. Ne4 Qd8 24. Nxf6+ Kh8 25. Nxh7 Qc8 26. Qh3 Ba7 27. Bf6+
Kg8 28. Ng5 Rxb1 29. Qh8# 1-0

[Event "VI Festival A"]
[Site "Nichelino ITA"]
[Date "2005.10.09"]
[Round "5"]
[White "Martin, Tiziano"]
[Black "Fortino, Fabrizio"]
[Result "0-1"]
[WhiteElo "2002"]
[BlackElo "1995"]
[PlyCount "88"]
[EventDate "2005.10.06"]

1. d4 Nf6 2. Nf3 d5 3. e3 c6 4. c4 a6 5. Qc2 Nbd7 6. cxd5 cxd5 7. Nc3 e6 8. Bd2
b5 9. Rc1 Be7 10. Bd3 Bb7 11. a3 Rc8 12. O-O h6 13. Qd1 O-O 14. Qe2 Ne4 15. Ne1
Nxd2 16. Qxd2 Nb6 17. Bb1 Bd6 18. Nd3 Qe7 19. f4 f5 20. Qe2 Qe8 21. g4 a5 22.
gxf5 exf5 23. Ne5 b4 24. axb4 axb4 25. Nb5 Bb8 26. Rxc8 Qxc8 27. b3 Ba6 28. Bd3
Nd7 29. Qa2 Nf6 30. Na7 Bxa7 31. Qxa6 Qxa6 32. Bxa6 Ne4 33. Bb7 Rd8 34. Ra1 Bb6
35. Ra8 Rxa8 36. Bxa8 Nc3 37. Kf1 g5 38. fxg5 hxg5 39. Nf3 Bd8 40. Ne5 Bc7 41.
Kg2 Bxe5 42. dxe5 Kf7 43. Kf3 Ke6 44. h4 gxh4 0-1

[Event "VI Festival A"]
[Site "Nichelino ITA"]
[Date "2005.10.09"]
[Round "5"]
[White "Palmisano, Giuseppe"]
[Black "Barosso, Renzo"]
[Result "1-0"]
[WhiteElo "1754"]
[BlackElo "1831"]
[PlyCount "68"]
[EventDate "2005.10.06"]

1. d4 d5 2. c4 e6 3. Nc3 Nf6 4. Bg5 c6 5. Nf3 Nbd7 6. e3 Be7 7. Rc1 O-O 8. cxd5
exd5 9. Bd3 Ne4 10. Bf4 Ndf6 11. Qc2 Nxc3 12. bxc3 g6 13. O-O Nh5 14. Bh6 Re8
15. c4 dxc4 16. Bxc4 Ng7 17. Qb3 Ne6 18. Rfd1 Qb6 19. Qc2 Bf8 20. Bf4 Nxf4 21.
exf4 Be6 22. Ng5 Qc7 23. Bxe6 fxe6 24. Qb3 Qxf4 25. Nxe6 Qf7 26. Nc7 Qxb3 27.
axb3 Ba3 28. Rc2 a5 29. Kf1 Rac8 30. Nxe8 Rxe8 31. d5 c5 32. d6 Rd8 33. Re2 c4
34. bxc4 Bxd6 1-0

[Event "VI Festival A"]
[Site "Nichelino ITA"]
[Date "2005.10.09"]
[Round "5"]
[White "Quagliana, Giuseppe"]
[Black "Parodi, Alessandro"]
[Result "1-0"]
[WhiteElo "2101"]
[BlackElo "1910"]
[PlyCount "151"]
[EventDate "2005.10.06"]

1. d4 Nf6 2. c4 g6 3. Nc3 Bg7 4. e4 d6 5. Be2 O-O 6. Nf3 e5 7. O-O Nc6 8. d5
Ne7 9. Ne1 Ne8 10. Nd3 f5 11. f3 f4 12. g4 g5 13. Bd2 Nf6 14. b4 h5 15. h3 hxg4
16. hxg4 Ng6 17. Be1 Kf7 18. Kg2 Rh8 19. Bf2 Nh4+ 20. Bxh4 Rxh4 21. Rh1 Rxh1
22. Qxh1 Bd7 23. c5 Qh8 24. Qxh8 Rxh8 25. Rh1 Rxh1 26. Kxh1 a6 27. cxd6 cxd6
28. Nb2 Bf8 29. Nc4 Ke8 30. Na3 Bc8 31. Kg2 Kd7 32. b5 b6 33. Nc4 Kc7 34. bxa6
Bxa6 35. Kf2 Kb7 36. a4 Ne8 37. Na2 b5 38. axb5 Bxb5 39. Na5+ Kb6 40. Bxb5 Kxb5
41. Nc6 Nc7 42. Nc3+ Kc4 43. Ne2 Nxd5 44. exd5 Kxd5 45. Nd8 Be7 46. Nf7 Ke6 47.
Nh6 d5 48. Nc3 Bb4 49. Nb5 Bc5+ 50. Ke2 e4 51. Nf5 Ke5 52. Nc3 exf3+ 53. Kxf3
Be3 54. Nd1 d4 55. Nb2 Kd5 56. Nxe3+ dxe3 57. Nd3 Kd4 58. Ne1 Kc3 59. Ke2 Kd4
60. Nf3+ Ke4 61. Nxg5+ Ke5 62. Kf3 Kf6 63. Kxf4 e2 64. Nf3 Kg6 65. g5 Kg7 66.
Ke3 e1=Q+ 67. Nxe1 Kg6 68. Nf3 Kf5 69. Kd4 Kg6 70. Ke5 Kg7 71. Kf5 Kf7 72. Ne5+
Kg7 73. g6 Kg8 74. Kf6 Kh8 75. g7+ Kg8 76. Nc4 1-0

[Event "VI Festival A"]
[Site "Nichelino ITA"]
[Date "2005.10.09"]
[Round "5"]
[White "Sorcinelli, Francesco"]
[Black "Ranola, Yves"]
[Result "0-1"]
[WhiteElo "2071"]
[BlackElo "2455"]
[PlyCount "55"]
[EventDate "2005.10.06"]

1. e4 c5 2. Nf3 Nc6 3. Nc3 g6 4. d4 cxd4 5. Nxd4 Bg7 6. Be3 Nf6 7. Bc4 d6 8. f3
Bd7 9. Qd2 O-O 10. O-O-O Rc8 11. Bb3 Nxd4 12. Bxd4 b5 13. Nd5 Nxd5 14. Bxg7
Kxg7 15. exd5 a5 16. a4 Kg8 17. axb5 Qb6 18. Ba4 Rc4 19. b3 Rc5 20. Kb2 Bxb5
21. Bxb5 Qxb5 22. Qd3 Qb7 23. Rd2 a4 24. Ra1 axb3 25. cxb3 Rfc8 26. h4 Qc7 27.
Qe4 Rc1 28. Qd4 0-1

[Event "VI Festival A"]
[Site "Nichelino ITA"]
[Date "2005.10.09"]
[Round "5"]
[White "Villalba, Fernando"]
[Black "Torrione, William"]
[Result "1/2-1/2"]
[WhiteElo "1881"]
[BlackElo "1883"]
[PlyCount "20"]
[EventDate "2005.10.06"]

1. e4 e6 2. d4 d5 3. Nc3 Bb4 4. exd5 exd5 5. Qf3 Nf6 6. Bg5 Qe7+ 7. Nge2 Be6 8.
O-O-O a6 9. Bxf6 Qxf6 10. Qxf6 gxf6 1/2-1/2

[Event "VI Festival A"]
[Site "Nichelino ITA"]
[Date "2005.10.09"]
[Round "6"]
[White "Fortino, Fabrizio"]
[Black "Sorcinelli, Francesco"]
[Result "1/2-1/2"]
[WhiteElo "1995"]
[BlackElo "2071"]
[PlyCount "24"]
[EventDate "2005.10.06"]

1. e4 c5 2. c3 Nf6 3. e5 Nd5 4. d4 cxd4 5. Nf3 e6 6. cxd4 b6 7. Bd3 Bb7 8. a3
d6 9. O-O Nd7 10. Re1 dxe5 11. dxe5 Be7 12. Qe2 Qc7 1/2-1/2